|
|
|
|
| LEADER |
00000nab a2200000 4500 |
| 001 |
vtls011773791 |
| 003 |
SK-MaSNL |
| 005 |
20260318122238.0 |
| 008 |
180821|2018 xo |||| || ||00 0|hun |
| 015 |
|
|
|a SNBRB2018/08
|
| 040 |
|
|
|a DSZK
|b slo
|c DSZK
|e rda
|
| 041 |
|
|
|a hun
|a slo
|
| 043 |
|
|
|a e-xo---
|
| 044 |
|
|
|a xo
|c SK
|
| 072 |
|
7 |
|a 782
|x Divadelná hudba. Opera, opereta, muzikál
|2 konspekt
|
| 080 |
|
|
|a 782.8
|x (437.6)
|2 2011
|
| 100 |
1 |
|
|a Gútay, László,
|d 1951-
|4 aut
|9 1569020
|
| 245 |
1 |
0 |
|a A dallam képes közös nyelvet teremteni
|c Gútay László
|
| 300 |
|
|
|b Fotografie
|
| 336 |
|
|
|a text
|b txt
|2 rdacontent
|
| 337 |
|
|
|a bez média
|b n
|2 rdamedia
|
| 338 |
|
|
|a zväzok
|b nc
|2 rdacarrier
|
| 546 |
|
|
|a Dvojjazyčné vydanie
|
| 611 |
2 |
7 |
|a Novoročná operetná gala
|d (2108 :
|c Veľký Meder, Slovensko)
|2 dszk
|9 1569021
|
| 650 |
0 |
7 |
|a operetné melódie
|2 dszk
|9 1569022
|
| 650 |
0 |
7 |
|a divadelné predstavenia
|2 dszk
|9 3328
|
| 651 |
|
7 |
|a Veľký Meder (Slovensko)
|2 SNKPHgeo
|9 19224
|
| 773 |
0 |
|
|t Nagymegyeri hírmondó = Veľkomederský hlásnik
|g Évf. XIV, sz. 1 (2018), o. 9
|x 1339-2409
|
| 958 |
|
|
|a SK
|
| 958 |
|
|
|a HU
|
| 958 |
|
|
|a RG
|
| 999 |
|
|
|c 3198366
|d 3200296
|